Modern method for the violoncello
Zapisane w:
| 1. autor: | |
|---|---|
| Format: | Książka |
| Język: | angielski |
| Wydane: |
Bryn Mawr
Elkan-Vogel
1957
|
| Seria: | Edition Peters
|
| Hasła przedmiotowe: | |
| Etykiety: |
Dodaj etykietę
Nie ma etykietki, Dołącz pierwszą etykiete!
|
MARC
| LEADER | 00000nam a2200000 a 4500 | ||
|---|---|---|---|
| 001 | UCN8706 | ||
| 003 | CL-VaPUC | ||
| 005 | 20250228123449.0 | ||
| 008 | 011116e19570000us |||||||||||||||||eng|d | ||
| 999 | |c 298467 |d 298465 | ||
| 040 | |c Pontificia Universidad Católica de Valparaíso | ||
| 082 | 0 | 4 | |a Vc787.4193 DEA 1957 |2 21 |
| 100 | 0 | |a De'ak, Stephen |e author |9 465033 | |
| 245 | 1 | 0 | |a Modern method for the violoncello |
| 260 | |a Bryn Mawr |b Elkan-Vogel |c 1957 | ||
| 300 | |a 2 v. | ||
| 490 | 0 | |a Edition Peters | |
| 583 | |a last modification |c 20150507 03:27:16 |k Rodrigo Vera | ||
| 650 | 0 | |a Violoncello |x Estudio e instrucción |9 390261 | |
| 650 | 0 | |a Violoncello |x Ejercicios y estudio |9 465050 | |
| 650 | 0 | |a Violoncello |x Técnicas de ejecución |9 465026 | |
| 650 | 7 | |a PEDAGOGIA INSTRUMENTAL |2 CL-VaPUC |9 465036 | |
| 650 | 0 | |a Violoncello |x Interpretación |9 464133 | |
| 650 | 0 | |a Violoncello |x Método pedagógico |9 465012 | |
| 942 | |c BK |2 ddc | ||
| 945 | |d 20011116 00:00:00 |a lriquelm | ||
| 952 | |0 0 |1 0 |2 ddc |4 0 |6 VC_787_419300000000000_DEA_1957 |7 0 |8 F |9 354058 |a BIBEDU |b BIBEDU |d 2019-11-21 |h v.1 |i 1178644 |l 1 |o Vc787.4193 DEA 1957 |p 1178644 |r 2025-04-25 |s 2025-04-25 |w 2019-11-21 |y BK_F |k MUS | ||
| 952 | |0 0 |1 0 |2 ddc |4 0 |6 VC_787_419300000000000_DEA_1957 |7 0 |8 F |9 354059 |a BIBEDU |b BIBEDU |d 2019-11-21 |h v.2 |i 1178652 |o Vc787.4193 DEA 1957 |p 1178652 |r 2023-11-22 |w 2019-11-21 |y BK_F |k MUS | ||